| 000 | 00535nam a22001577a 4500 | ||
|---|---|---|---|
| 003 | macl | ||
| 005 | 20200114123130.0 | ||
| 008 | 200114b xxu||||| |||| 00| 0 eng d | ||
| 040 | _cmacl | ||
| 082 | _a800/SIN | ||
| 100 |
_aसिंह , पुष्पपाल _954727 |
||
| 245 | _aकहानी का उतर समय सृजन संदर्भ | ||
| 260 |
_aदिल्ली _bसामायिक बुक्स _c2017 |
||
| 650 |
_aकहानी साहित्य _969293 |
||
| 942 |
_2ddc _cHIN |
||
| 999 |
_c61780 _d61780 |
||